000 00506nam a22001817a 4500
003 CEME
005 20210628204151.0
008 210105b xxu||||| |||| 00| 0 eng d
020 _a0619120177
040 _cceme
082 _a004.66 CAM
100 _aCampbell, Paul, Calvert, Ben, Boswell, Steven
_969074
245 _aSecurity guide to network security fundamentals
260 _aCANADA
_bTHOMSON
_c2003
300 _aXXII,509P
650 _aNETWORK SECURITY FUNDAMENTALS.
_969075
942 _cBK
_2ddc
999 _c576485
_d576485